| 000 | 00424nam a2200097Ia 4500 | ||
|---|---|---|---|
| 008 | 200911s9999 xx 000 0 und d | ||
| 020 | _a978-971-542-743-2 | ||
| 245 |
_cEdited by: Rolando B. Tolentino, Patrick F. Campos, Randy Jay C. Solis, Choy S. Pangilinan.-- _aCommunication and media theories / |
||
| 260 |
_aQuezon City : _bThe University of the Philippines Press _c2014 |
||
| 300 |
_aix , 547 pages : _billustration ; _c26 cm. |
||
| 999 |
_c364206 _d364206 |
||